<?xml version="1.0" encoding="UTF-8"?>
<record
    xmlns:xsi="http://www.w3.org/2001/XMLSchema-instance"
    xsi:schemaLocation="http://www.loc.gov/MARC21/slim http://www.loc.gov/standards/marcxml/schema/MARC21slim.xsd"
    xmlns="http://www.loc.gov/MARC21/slim">

  <leader>01000na  a2200277   4500</leader>
  <controlfield tag="001">21672</controlfield>
  <controlfield tag="003">MIRAKIL</controlfield>
  <controlfield tag="005">20181213155016.0</controlfield>
  <controlfield tag="008">170206b        tu            000 0      </controlfield>
  <datafield tag="035" ind1=" " ind2=" ">
    <subfield code="a">21055</subfield>
  </datafield>
  <datafield tag="040" ind1=" " ind2=" ">
    <subfield code="a">Milas</subfield>
    <subfield code="b">tur</subfield>
    <subfield code="c">TR-AnCHP</subfield>
  </datafield>
  <datafield tag="041" ind1=" " ind2=" ">
    <subfield code="a">tur</subfield>
  </datafield>
  <datafield tag="082" ind1=" " ind2=" ">
    <subfield code="a">324.238</subfield>
    <subfield code="b">T75 [1996]</subfield>
  </datafield>
  <datafield tag="090" ind1=" " ind2=" ">
    <subfield code="a">324.2383 T75 [1996]</subfield>
  </datafield>
  <datafield tag="110" ind1=" " ind2=" ">
    <subfield code="a">T&#xFC;rkiye &#xD6;z&#xFC;rl&#xFC;s&#xFC; ile Mutludur Partisi (T&#xD6;M)</subfield>
  </datafield>
  <datafield tag="245" ind1=" " ind2=" ">
    <subfield code="a">T&#xFC;rkiye &#xD6;z&#xFC;rl&#xFC;s&#xFC; ile Mutludur Partisi t&#xFC;z&#xFC;k ve program&#x131;</subfield>
    <subfield code="c">T&#xD6;M</subfield>
  </datafield>
  <datafield tag="260" ind1=" " ind2=" ">
    <subfield code="a">[y.y.]</subfield>
    <subfield code="b">T&#xD6;M</subfield>
    <subfield code="c">[1996]</subfield>
  </datafield>
  <datafield tag="300" ind1=" " ind2=" ">
    <subfield code="a">[8] s.</subfield>
    <subfield code="c">20 sm.</subfield>
  </datafield>
  <datafield tag="610" ind1=" " ind2=" ">
    <subfield code="a">T&#xFC;rkiye &#xD6;z&#xFC;rl&#xFC;s&#xFC; ile Mutludur Partisi (T&#xD6;M)</subfield>
    <subfield code="x">Programlar, 1996</subfield>
  </datafield>
  <datafield tag="610" ind1=" " ind2=" ">
    <subfield code="a">T&#xFC;rkiye &#xD6;z&#xFC;rl&#xFC;s&#xFC; ile Mutludur Partisi (T&#xD6;M)</subfield>
    <subfield code="x">Propaganda ve ideolojiler</subfield>
  </datafield>
  <datafield tag="610" ind1=" " ind2=" ">
    <subfield code="a">T&#xFC;rkiye &#xD6;z&#xFC;rl&#xFC;s&#xFC; ile Mutludur Partisi (T&#xD6;M)</subfield>
    <subfield code="x">T&#xFC;z&#xFC;kler, 1996</subfield>
  </datafield>
  <datafield tag="650" ind1=" " ind2=" ">
    <subfield code="a">&#xD6;zg&#xFC;rl&#xFC;k&#xE7;&#xFC; partiler</subfield>
    <subfield code="z">T&#xFC;rkiye</subfield>
  </datafield>
  <datafield tag="710" ind1=" " ind2=" ">
    <subfield code="a">T&#xFC;rkiye &#xD6;z&#xFC;rl&#xFC;s&#xFC; ile Mutludur Partisi </subfield>
  </datafield>
  <datafield tag="830" ind1=" " ind2=" ">
    <subfield code="a">T&#xFC;rkiye &#xD6;z&#xFC;rl&#xFC;s&#xFC; ile Mutludur Partisi</subfield>
  </datafield>
  <datafield tag="942" ind1=" " ind2=" ">
    <subfield code="2">ddc</subfield>
    <subfield code="c">BKS</subfield>
  </datafield>
  <datafield tag="952" ind1=" " ind2=" ">
    <subfield code="a">0001</subfield>
    <subfield code="b">0001</subfield>
    <subfield code="d">2017-02-06</subfield>
    <subfield code="e">2</subfield>
    <subfield code="h">c.3</subfield>
    <subfield code="l">0</subfield>
    <subfield code="o">324.2383 T75 [1996]</subfield>
    <subfield code="p">012864</subfield>
    <subfield code="r">2017-02-06 00:00:00</subfield>
    <subfield code="v">0.00</subfield>
    <subfield code="w">2017-02-06</subfield>
    <subfield code="y">BKS</subfield>
  </datafield>
  <datafield tag="999" ind1=" " ind2=" ">
    <subfield code="c">4736</subfield>
    <subfield code="d">4736</subfield>
  </datafield>
</record>
